000 004750000a22001930004500
020 _a0-02-356930-1
041 0 _aENG
082 0 4 _aG 291 H792r
100 1 _aHopfe, Lewis M.
245 1 0 _aReligions of the world / Lewis M. Hopfe
250 _a4
260 _aNew York, N.Y., USA : MacMillan
300 _aXX, 460 Pag
001 11865
942 _cBK
999 _c40937
_d40937
336 _atexto
_btxt
_2rdacontent
337 _2rdamedia
_asin mediación
_bn
338 _2rdacarrier
_avolumen
_bnc